<?xml version="1.0" encoding="UTF-8"?>
<marc:record xmlns:marc="http://www.loc.gov/MARC21/slim">
   <marc:leader>00000nam a2200000 a 4500</marc:leader>
   <marc:datafield ind1="1" ind2=" " tag="100">
      <marc:subfield code="a">Günther, Wilhelm</marc:subfield>
      <marc:subfield code="4">aut</marc:subfield>
      <marc:subfield code="e">Verfasser/-in</marc:subfield>
   </marc:datafield>
   <marc:datafield ind1=" " ind2=" " tag="653">
      <marc:subfield code="a">Geschichte</marc:subfield>
   </marc:datafield>
   <marc:datafield ind1=" " ind2=" " tag="653">
      <marc:subfield code="a">Salzburg Land</marc:subfield>
   </marc:datafield>
   <marc:datafield ind1=" " ind2=" " tag="653">
      <marc:subfield code="a">Hohe Tauern</marc:subfield>
   </marc:datafield>
   <marc:datafield ind1=" " ind2=" " tag="653">
      <marc:subfield code="a">Pinzgau</marc:subfield>
   </marc:datafield>
   <marc:datafield ind1=" " ind2=" " tag="653">
      <marc:subfield code="a">Geologie</marc:subfield>
   </marc:datafield>
   <marc:datafield ind1=" " ind2=" " tag="653">
      <marc:subfield code="a">Goldbergbau</marc:subfield>
   </marc:datafield>
   <marc:datafield ind1="0" ind2="0" tag="245">
      <marc:subfield code="a">Schatzkammer Hohe Tauern</marc:subfield>
   </marc:datafield>
   <marc:datafield ind1=" " ind2="1" tag="264">
      <marc:subfield code="b">Pustet</marc:subfield>
      <marc:subfield code="c">2000</marc:subfield>
   </marc:datafield>
   <marc:datafield ind1="1" ind2=" " tag="520">
      <marc:subfield code="a">Eine umfassende Darstellung des Goldbergbaus in den Tauern.  Diese umfassende Monografie beinhaltet zu einem großen Teil noch nie publizierte historische und aktuelle Fotodokumente. Die Autoren haben mit ihren einzigartigen Mineralienfotos, kartografischen Darstellungen und Statistiken ein Nachschlagewerk geschaffen, das für jede Bibliothek eine Bereicherung darstellt.  Aufgrund des interdisziplinären Ansatzes finden sowohl historisch, bergbautechnisch aber auch geologisch-naturwissenschaftlich orientierte Leser/innen etwas, das für sie von Interesse ist. Neben den betriebswirtschaftlichen Aspekten des Edelmetallbergbaus in den Hohen Tauern gibt es weitere interessante Kapitel wie die Waschgoldproduktion in Salzburg und Oberkärnten aber auch die geschichtliche Entwicklung des Edelmetallbergbaus in den letzten 2000 Jahren. Die Textteile werden durch zahlreiche Karten, Tabellen und Fotos ergänzt. Die umfassendste Darstellung des Goldbergbaus in den Hohen Tauern, die bisher entstanden ist - Sehr empfehlenswert.   *bn* Gerhard Popp</marc:subfield>
   </marc:datafield>
   <marc:datafield ind1=" " ind2=" " tag="020">
      <marc:subfield code="a">9783702504168</marc:subfield>
      <marc:subfield code="9">9783702504168</marc:subfield>
   </marc:datafield>
</marc:record>
